000 01716cam a2200397Ii 4500
001 9780203144817
008 180706s2012 enkab ob 001 0 eng d
020 _a9780203144817
_q(e-book : PDF)
020 _a9781136504259
_q(e-book: PDF)
020 _a9781136504204
_q(e-book: Mobi)
020 _a9781136504242
_q(e-book: ePub)
020 _z9780415781978
_q(hardback)
020 _z9780415781985
_q(paperback)
024 7 _a10.4324/9780203144817
_2doi
040 _aKO
_beng
041 0 _aeng
082 0 4 _a364.164
_bH427
100 1 _aHaywood, Robert.,
_eauthor.
245 1 0 _aMaritime piracy /
_cRobert Haywood and Roberta Spivak.
264 1 _aLondon :
_bRoutledge,
_c2012.
300 _a1 online resource (xxiii, 156 pages)
490 1 _aRoutledge global institutions series ;
_v63
504 _aIncludes bibliographical references (pages [124]-146) and index.
505 0 _a1. Piracy : the nature of the problem -- 2. History -- 3. The nuts and bolts of twenty-first century maritime governance relevant to combating piracy -- 4. Evolving norms and conventions -- 5. Current debates -- 6. Key gaps and criticisms -- 7. Emerging trends and future directions.
650 0 _aPiracy
_xPrevention
_xInternational cooperation.
650 0 _aHijacking of ships
_xPrevention
_xInternational cooperation.
650 0 _aMaritime terrorism
_xPrevention
_xInternational cooperation.
650 0 _aMerchant marine
_xSecurity measures.
650 0 _aShipping
_xSecurity measures.
700 1 _aSpivak, Roberta.
830 0 _aGlobal institutions series ;
_v63.
856 4 0 _uhttps://www.taylorfrancis.com/books/9781136504259
_zClick here to view.
904 _aRUDRA_R
905 _aR_RANJAN
942 _cEB
999 _c2992
_d2992